Every Eurovision Song Of The 2020s - Statistics

General Stats
  • This quiz has been taken 37 times
    5 since last reset
  • The average score is 235 of 266
Answer Stats
Year Country Artist Answer % Correct
2024 San Marino Megara 11:11
100%
2021 San Marino Senhit Adrenalina
100%
2023 Portugal Mimicat Ai coração
100%
2023 Latvia Sudden Lights Aijā
100%
2026 Switzerland Veronica Fusaro Alice
100%
2024 Germany Isaak Always on the Run
100%
2025 Greece Klavdia Asteromata
100%
2025 Germany Abor & Tynna Baller
100%
2026 Bulgaria Dara Bangaranga
100%
2025 Sweden KAJ Bara bada bastu
100%
2023 Belgium Gustaph Because of You
100%
2024 Belgium Mustii Before the Party's Over
100%
2026 Malta Aidan Bella
100%
2025 Ukraine Ziferblat Bird of Pray
100%
2023 Germany Lord of the Lost Blood & Glitter
100%
2023 Cyprus Andrew Lambrou Break a Broken Heart
100%
2023 Denmark Riley Breaking My Heart
100%
2023 Estonia Alika Bridges
100%
2022 Italy Mahmood and Blanco Brividi
100%
2025 Latvia Tautumeitas Bur man laimi
100%
2023 Netherlands Mia Nicolai and Dion Cooper Burning Daylight
100%
2023 Slovenia Joker Out Carpe Diem
100%
2025 Netherlands Claude C'est la vie
100%
2023 Finland Käärijä Cha Cha Cha
100%
2026 Romania Alexandra Căpitănescu Choke Me
100%
2020 Azerbaijan Efendi Cleopatra
100%
2026 Czechia Daniel Žižka Crossroads
100%
2023 Malta The Busker Dance (Our Own Party)
100%
2026 Belgium Essyla Dancing on the Ice
100%
2022 Netherlands S10 De diepte
100%
2025 Portugal Napa Deslocado
100%
2023 Romania Theodor Andrei D.G.T. (Off and On)
100%
2021 Lithuania The Roop Discoteque
100%
2024 United Kingdom Olly Alexander Dizzy
100%
2025 Montenegro Nina Žižić Dobrodošli
100%
2024 Ireland Bambie Thug Doomsday Blue
100%
2023 Italy Marco Mengoni Due vite
100%
2023 Albania Albina and Familija Kelmendi Duje
100%
2023 Spain Blanca Paloma Eaea
100%
2022 Latvia Citi Zēni Eat Your Salad
100%
2023 Georgia Iru Echo
100%
2026 Australia Delta Goodrem Eclipse
100%
2026 United Kingdom Look Mum No Computer Eins, Zwei, Drei
100%
2021 Cyprus Elena Tsagrinou El Diablo
100%
2021 United Kingdom James Newman Embers
100%
2025 Spain Melody Esa Diva
100%
2025 Estonia Tommy Cash Espresso Macchiato
100%
2024 Netherlands Joost Klein Europapa
100%
2023 France La Zarra Évidemment
100%
2026 Greece Akylas Ferto
100%
2024 Luxembourg Tali Fighter
100%
2026 Germany Sarah Engels Fire
100%
2024 Georgia Nutsa Buzaladze Firefighter
100%
2026 Denmark Søren Torpegaard Lund Før vi går hjem
100%
2025 Georgia Mariam Shengelia Freedom
100%
2022 France Alvan and Ahez Fulenn
100%
2023 Armenia Brunette Future Lover
100%
2025 Poland Justyna Steczkowska Gaja
100%
2022 Norway Subwoolfer Give That Wolf a Banana
100%
2024 Portugal Iolanda Grito
100%
2025 Denmark Sissal Hallucination
100%
2022 Austria LUM!X feat. Pia Maria Halo
100%
2023 Ukraine Tvorchi Heart of Steel
100%
2022 Sweden Cornelia Jakobs Hold Me Closer
100%
2024 Latvia Dons Hollow
100%
2025 Slovenia Klemen How Much Time Do We Have Left
100%
2024 Israel Eden Golan Hurricane
100%
2025 Finland Erika Vikman Ich komme
100%
2022 Serbia Konstrakta In Corpore Sano
100%
2024 Moldova Natalia Barbu In the Middle
100%
2023 United Kingdom Mae Muller I Wrote a Song
100%
2024 Armenia Ladaniva Jako
100%
2026 Cyprus Antigoni Jalla
100%
2021 Malta Destiny Je me casse
100%
2026 Azerbaijan Jiva Just Go
100%
2025 Czech Republic Adonxs Kiss Kiss Goodbye
100%
2026 Serbia Lavina Kraj mene
100%
2025 Ireland Emmy Laika Party
100%
2024 Italy Angelina Mango La noia
100%
2025 Luxembourg Laura Thorn La poupée monte le son
100%
2024 Cyprus Silia Kapsis Liar
100%
2026 Finland Linda Lampenius & Pete Parkkonen Liekinheitin
100%
2025 Norway Kyle Alessandro Lighter
100%
2023 San Marino Piqued Jacks Like an Animal
100%
2022 Romania Wrs Llámame
100%
2021 Serbia Hurricane Loco Loco
100%
2024 Malta Sarah Bonnici Loop
100%
2024 Lithuania Silvester Belt Luktelk
100%
2025 France Louane Maman
100%
2023 Croatia Let 3 Mama ŠČ!
100%
2021 Azerbaijan Efendi Mata Hari
100%
2026 Israel Noam Bettan Michelle
100%
2025 Serbia Princ Mila
100%
2025 Australia Go-Jo Milkshake Man
100%
2024 France Slimane Mon Amour
100%
2026 Luxembourg Eva Marija Mother Nature
100%
2023 Czech Republic Vesna My Sister's Crown
100%
2026 Sweden Felicia My System
100%
2026 Albania Alis Nân
100%
2024 Estonia 5miinust and Puuluup (Nendest) narkootikumidest ei tea me (küll) midagi
100%
2025 Israel Yuval Raphael New Day Will Rise
100%
2024 Finland Windows95man No Rules!
100%
2022 Australia Sheldon Riley Not the Same
100%
2026 Montenegro Tamara Živković Nova zora
100%
2024 Australia Electric Fields One Milkali (One Blood)
100%
2026 Georgia Bzikebi On Replay
100%
2024 Azerbaijan Fahree feat. Ilkin Dovlatov Özünlə apar
100%
2026 Armenia Simón Paloma Rumba
100%
2024 Czech Republic Aiko Pedestal
100%
2026 Italy Sal da Vinci Per sempre sì
100%
2025 Croatia Marko Bošnjak Poison Cake
100%
2023 Iceland Diljá Power
100%
2026 Poland Alicja Pray
100%
2023 Australia Voyager Promise
100%
2023 Norway Alessandra Queen of Kings
100%
2024 Serbia Teya Dora Ramonda
100%
2026 France Monroe Regarde !
100%
2026 Ukraine Leléka Ridnym
100%
2024 Croatia Baby Lasagna Rim Tim Tagi Dim
100%
2025 Iceland Væb Róa
100%
2025 Azerbaijan Mamagama Run with U
100%
2023 Serbia Luke Black Samo mi se spava
100%
2024 Denmark Saba Sand
100%
2024 Iceland Hera Björk Scared of Heights
100%
2022 Albania Ronela Hajati Sekret
100%
2022 Lithuania Monika Liu Sentimentai
100%
2025 Malta Miriana Conte Serving
100%
2025 Cyprus Theo Evan Shh
100%
2021 Ukraine Go_A Shum
100%
2022 Spain Chanel SloMo
100%
2022 Armenia Rosa Linn Snap
100%
2023 Moldova Pasha Parfeni Soarele și luna
100%
2023 Poland Blanka Solo
100%
2026 Lithuania Lion Ceccah Sólo quiero más
100%
2022 United Kingdom Sam Ryder Space Man
100%
2023 Lithuania Monika Linkytė Stay
100%
2022 Ukraine Kalush Orchestra Stefania
100%
2025 Belgium Red Sebastian Strobe Lights
100%
2026 San Marino Senhit Superstar
100%
2025 Armenia Parg Survivor
100%
2026 Austria Cosmó Tanzschein
100%
2023 Sweden Loreen Tattoo
100%
2024 Ukraine Alyona Alyona and Jerry Heil Teresa & Maria
100%
2024 Switzerland Nemo The Code
100%
2024 Poland Luna The Tower
100%
2020 Iceland Daði og Gagnamagnið Think About Things
100%
2024 Albania Besa Titan
100%
2026 Estonia Vanilla Ninja Too Epic to Be True
100%
2021 Switzerland Gjon's Tears Tout l'univers
100%
2025 San Marino Gabry Ponte Tutta l'Italia
100%
2024 Norway Gåte Ulveham
100%
2024 Sweden Marcus & Martinus Unforgettable
100%
2023 Israel Noa Kirel Unicorn
100%
2020 Russia Little Big Uno
100%
2024 Slovenia Raiven Veronika
100%
2026 Moldova Satoshi Viva, Moldova!
100%
2021 France Barbara Pravi Voilà
100%
2025 Italy Lucio Corsi Volevo essere un duro
100%
2025 Switzerland Zoë Më Voyage
100%
2025 Austria JJ Wasted Love
100%
2023 Switzerland Remo Forrer Watergun
100%
2023 Ireland Wild Youth We Are One
100%
2024 Austria Kaleen We Will Rave
100%
2025 United Kingdom Remember Monday What the Hell Just Happened?
100%
2023 Greece Victor Vernicos What They Say
100%
2023 Austria Teya and Salena Who the Hell Is Edgar?
100%
2026 Norway Jonas Lovv Ya Ya Ya
100%
2024 Greece Marina Satti Zari
100%
2021 Italy Måneskin Zitti e buoni
100%
2025 Albania Shkodra Elektronike Zjerm
100%
2024 Spain Nebulossa Zorra
100%
2021 Iceland Daði og Gagnamagnið 10 Years
75%
2020 Romania Roxen Alcohol You
75%
2021 Austria Vincent Bueno Amen
75%
2021 Slovenia Ana Soklič Amen
75%
2021 Romania Roxen Amnesia
75%
2026 Croatia Lelek Andromeda
75%
2020 Norway Ulrikke Attention
75%
2021 Netherlands Jeangu Macrooy Birth of a New Age
75%
2022 Switzerland Marius Bear Boys Do Cry
75%
2022 Montenegro Vladana Breathe
75%
2022 North Macedonia Andrea Circles
75%
2021 Finland Blind Channel Dark Side
75%
2022 Slovenia LPS Disko
75%
2022 Cyprus Andromache Ela
75%
2020 Poland Alicja Empires
75%
2026 Latvia Atvara Ēnā
75%
2022 Azerbaijan Nadir Rustamli Fade to Black
75%
2020 Italy Diodato Fai rumore
75%
2021 Norway Tix Fallen Angel
75%
2020 Netherlands Jeangu Macrooy Grow
75%
2021 Bulgaria Victoria Growing Up Is Getting Old
75%
2022 Croatia Mia Dimšić Guilty Pleasure
75%
2020 Serbia Hurricane Hasta la vista
75%
2021 North Macedonia Vasil Here I Stand
75%
2022 Malta Emma Muscat I Am What I Am
75%
2021 Germany Jendrik I Don't Feel Hate
75%
2022 Israel Michael Ben David I.M
75%
2022 Bulgaria Intelligent Music Project Intention
75%
2022 Finland The Rasmus Jezebel
75%
2021 Albania Anxhela Peristeri Karma
75%
2022 Czech Republic We Are Domi Lights Off
75%
2022 Georgia Circus Mircus Lock Me In
75%
2021 Portugal The Black Mamba Love Is on My Side
75%
2021 Ireland Lesley Roy Maps
75%
2022 Belgium Jérémie Makiese Miss You
75%
2021 Czech Republic Benny Cristo Omaga
75%
2020 Lithuania The Roop On Fire
75%
2021 Denmark Fyr og Flamme Øve os på hinanden
75%
2020 Moldova Natalia Gordienko Prison
75%
2020 Switzerland Gjon's Tears Répondez-moi
75%
2022 Poland Ochman River
75%
2022 Germany Malik Harris Rockstars
75%
2026 Portugal Bandidos do Cante Rosa
75%
2021 Russia Manizha Russian Woman
75%
2022 Portugal Maro Saudade, saudade
75%
2021 Israel Eden Alene Set Me Free
75%
2022 San Marino Achille Lauro Stripper
75%
2021 Moldova Natalia Gordienko Sugar
75%
2025 Lithuania Katarsis Tavo akys
75%
2020 Bulgaria Victoria Tears Getting Sober
75%
2021 Australia Montaigne Technicolour
75%
2023 Azerbaijan TuralTuranX Tell Me More
75%
2022 Ireland Brooke That's Rich
75%
2021 Latvia Samanta Tīna The Moon Is Rising
75%
2021 Poland Rafał The Ride
75%
2022 Denmark Reddi The Show
75%
2021 Belgium Hooverphonic The Wrong Place
75%
2021 Croatia Albina Tick-Tock
75%
2022 Moldova Zdob și Zdub and Advahov Brothers Trenulețul
75%
2020 Germany Ben Dolic Violent Thing
75%
2021 Sweden Tusse Voices
75%
2021 Spain Blas Cantó Voy a quedarme
75%
2020 North Macedonia Vasil You
75%
2021 Georgia Tornike Kipiani You
75%
2020 Austria Vincent Bueno Alive
50%
2020 Malta Destiny All of My Love
50%
2020 Armenia Athena Manoukian Chains on You
50%
2020 Belarus VAL Da vidna
50%
2022 Greece Amanda Georgiadi Tenfjord Die Together
50%
2020 Croatia Damir Kedžo Divlji vjetre
50%
2020 Australia Montaigne Don't Break Me
50%
2020 Albania Arilena Ara Fall from the Sky
50%
2020 Israel Eden Alene Feker Libi
50%
2020 San Marino Senhit Freaky!
50%
2022 Estonia Stefan Hope
50%
2020 Czech Republic Benny Cristo Kemama
50%
2021 Greece Stefania Last Dance
50%
2020 Finland Aksel Looking Back
50%
2022 Iceland Systur Með hækkandi sól
50%
2020 Portugal Elisa Medo de sentir
50%
2020 France Tom Leeb Mon alliée (The Best in Me)
50%
2020 Sweden The Mamas Move
50%
2020 United Kingdom James Newman My Last Breath
50%
2020 Belgium Hooverphonic Release Me
50%
2020 Cyprus Sandro Running
50%
2020 Ukraine Go_A Solovey
50%
2020 Latvia Samanta Tīna Still Breathing
50%
2020 Ireland Lesley Roy Story of My Life
50%
2020 Greece Stefania Superg!rl
50%
2020 Georgia Tornike Kipiani Take Me as I Am
50%
2021 Estonia Uku Suviste The Lucky One
50%
2020 Spain Blas Cantó Universo
50%
2020 Slovenia Ana Soklič Voda
50%
2020 Estonia Uku Suviste What Love Is
50%
2020 Denmark Ben and Tan Yes
50%
No matching quizzes found
Score Distribution
Percent of People with Each Score
Percentile by Number Answered
Your Score History
You have not taken this quiz since the last reset